[Event "Hessen-ch B"]
[Site "Frankfurt/Main"]
[Date "2019.05.30"]
[Round "2"]
[White "Robinson, Jack"]
[Black "Schimmer, Michael"]
[Result "1/2-1/2"]
[WhiteElo "1749"]
[BlackElo "1805"]
[PlyCount "96"]
[EventDate "2019.05.30"]
[EventType "swiss"]
[EventRounds "7"]
[EventCountry "GER"]

1. d4 Nf6 2. c4 e6 3. Nf3 b6 4. a3 Bb7 5. g3 Be7 6. Bg2 O-O 7. O-O c5 8. Nc3
cxd4 9. Nxd4 Bxg2 10. Kxg2 d5 11. cxd5 Nxd5 12. Qd3 Nxc3 13. Qxc3 Qd5+ 14. Kg1
Bf6 15. e3 Rd8 16. Qb3 Qxb3 17. Nxb3 Nc6 18. Nd2 Bxb2 19. Ra2 Bxc1 20. Rxc1 Ne5
21. Kf1 Rac8 22. Rac2 Rxc2 23. Rxc2 Kf8 24. Ke2 Rd6 25. Rc7 Rd7 26. Rc3 f6 27.
Nb3 Nf7 28. Nd4 Nd8 29. Rc8 Kf7 30. f4 Nb7 31. Rc6 Nc5 32. h3 g6 33. g4 Re7 34.
Rc8 Rd7 35. h4 e5 36. fxe5 fxe5 37. Nc6 Kf6 38. Rf8+ Kg7 39. Re8 e4 40. Ra8 a6
41. Nb8 Rd3 42. Ra7+ Kf6 43. g5+ Kf5 44. Nxa6 Rxa3 45. Rf7+ Kg4 46. Rf4+ Kg3
47. Nxc5 bxc5 48. Rxe4 Ra8 1/2-1/2

[Event "Hessen-ch B"]
[Site "Frankfurt/Main"]
[Date "2019.05.30"]
[Round "2"]
[White "Saluvar, Buelent"]
[Black "Osterloh, Felix"]
[Result "1/2-1/2"]
[WhiteElo "1692"]
[BlackElo "1833"]
[PlyCount "81"]
[EventDate "2019.05.30"]
[EventType "swiss"]
[EventRounds "7"]
[EventCountry "GER"]

1. Nf3 Nf6 2. c4 e6 3. e3 b6 4. b3 Bb7 5. Bb2 Be7 6. Be2 O-O 7. O-O d6 8. d4
Nbd7 9. Nc3 Ne4 10. Nxe4 Bxe4 11. Nd2 Bg6 12. Bf3 Rc8 13. Bb7 Rb8 14. Bf3 e5
15. Re1 Bf6 16. Ne4 Be7 17. Nc3 Re8 18. Bc6 exd4 19. exd4 Bf6 20. Rxe8+ Qxe8
21. Qg4 Rd8 22. Nd5 Qe6 23. Qxe6 fxe6 24. Nxf6+ gxf6 25. f4 Kf7 26. Kf2 e5 27.
fxe5 dxe5 28. Rd1 Nc5 29. Bd5+ Rxd5 30. cxd5 Nd3+ 31. Rxd3 Bxd3 32. dxe5 fxe5
33. Bxe5 Be4 34. g3 Bxd5 35. Bxc7 Ke6 36. Ke3 Kd7 37. Bb8 a5 38. Kd4 Bf7 39.
Bf4 a4 40. Kc3 b5 41. bxa4 1/2-1/2

[Event "Hessen-ch B"]
[Site "Frankfurt/Main"]
[Date "2019.05.30"]
[Round "2"]
[White "Schellen, Sven"]
[Black "Lange, Martin"]
[Result "1/2-1/2"]
[WhiteElo "1853"]
[BlackElo "1763"]
[PlyCount "42"]
[EventDate "2019.05.30"]
[EventType "swiss"]
[EventRounds "7"]
[EventCountry "GER"]

{[%evp 0,42,24,11,29,-9,51,56,75,58,60,59,57,17,74,57,94,29,85,2,72,32,67,32,
88,37,39,4,22,16,22,28,28,16,27,-2,-3,5,27,-60,-60,-44,-44,-44,-29]} 1. d4 Nf6
2. c4 g6 3. Nc3 d5 4. Nf3 Bg7 5. Bf4 O-O 6. e3 c5 7. dxc5 Qa5 8. Qa4 Qxc5 9.
Be2 dxc4 10. Qxc4 Qxc4 11. Bxc4 a6 12. O-O Nc6 13. Ne5 Nxe5 14. Bxe5 b5 15. Bb3
Bb7 16. Rfd1 Rfd8 17. Bc7 Rxd1+ 18. Rxd1 Ne4 19. Nd5 e6 20. Nb6 Re8 21. f3 Nc5
1/2-1/2

[Event "Hessen-ch B"]
[Site "Frankfurt/Main"]
[Date "2019.05.30"]
[Round "2"]
[White "Schmitt, Clemens"]
[Black "Feicht, Arno"]
[Result "1-0"]
[WhiteElo "1767"]
[BlackElo "1881"]
[PlyCount "81"]
[EventDate "2019.05.30"]
[EventType "swiss"]
[EventRounds "7"]
[EventCountry "GER"]

1. c4 f5 2. g3 Nf6 3. Bg2 g6 4. Nc3 Bg7 5. e3 e5 6. Nge2 O-O 7. O-O Nc6 8. d3
d6 9. Rb1 a5 10. b3 Qe8 11. Nb5 Rf7 12. Nec3 e4 13. a3 Nd8 14. Bb2 Qe7 15. dxe4
fxe4 16. Nd5 Nxd5 17. cxd5 Bxb2 18. Rxb2 Qe5 19. Qd4 c6 20. Qxe5 dxe5 21. Nd6
cxd5 22. Nxf7 Nxf7 23. f3 exf3 24. Bxf3 e4 25. Be2 Ne5 26. Rd2 Bg4 27. Bxg4
Nxg4 28. Re1 Ne5 29. Rf1 Rd8 30. Rc2 d4 31. exd4 Rxd4 32. Rc8+ Kg7 33. Rc7+ Kh6
34. Re7 Nf3+ 35. Kf2 Nd2 36. Rd1 Nxb3 37. Rxd4 Nxd4 38. Rxb7 Nc2 39. a4 Kg5 40.
Rxh7 e3+ 41. Kf3 1-0

[Event "Hessen-ch B"]
[Site "Frankfurt/Main"]
[Date "2019.05.30"]
[Round "2"]
[White "Siegismund, Florian"]
[Black "Sakhra, Roman"]
[Result "1-0"]
[WhiteElo "1777"]
[BlackElo "1516"]
[PlyCount "71"]
[EventDate "2019.05.30"]
[EventType "swiss"]
[EventRounds "7"]
[EventCountry "GER"]

1. d4 d5 2. c4 c6 3. e3 Nf6 4. Nf3 Bf5 5. Nc3 e6 6. Nh4 Bg6 7. Qb3 Qb6 8. Nxg6
hxg6 9. Bd2 Nbd7 10. Bd3 Be7 11. Qxb6 axb6 12. cxd5 exd5 13. O-O Bd6 14. h3 Rh4
15. f3 Bg3 16. e4 Kf8 17. Ne2 Bc7 18. e5 Ng8 19. f4 Ne7 20. f5 gxf5 21. Bg5 Rh8
22. Bxf5 Nxf5 23. Rxf5 g6 24. Rf3 Kg8 25. Raf1 Rh7 26. a3 c5 27. Nc3 cxd4 28.
Nxd5 Bxe5 29. Ne7+ Kh8 30. Rxf7 Rxf7 31. Rxf7 Nf8 32. Bh6 Bd6 33. Bg7+ Kh7 34.
Bxf8+ Kh8 35. Bg7+ Kh7 36. Be5+ 1-0

[Event "Hessen-ch B"]
[Site "Frankfurt/Main"]
[Date "2019.05.30"]
[Round "2"]
[White "Ullmann, Ralf"]
[Black "Burkart, Lloyd Shang"]
[Result "1/2-1/2"]
[WhiteElo "1856"]
[BlackElo "1411"]
[PlyCount "80"]
[EventDate "2019.05.30"]
[EventType "swiss"]
[EventRounds "7"]
[EventCountry "GER"]

1. e4 c5 2. Nc3 e6 3. f4 d5 4. Bb5+ Bd7 5. Bxd7+ Qxd7 6. Nf3 dxe4 7. Nxe4 Nc6
8. d3 Be7 9. O-O Nf6 10. Bd2 O-O 11. Kh1 b5 12. a3 a5 13. Ne5 Nxe5 14. fxe5
Nxe4 15. dxe4 Qd4 16. Bc3 Qxe4 17. Qd7 Rfe8 18. Qxb5 a4 19. Rf2 Rad8 20. Re1
Qa8 21. Ref1 Rf8 22. Qc4 Qa7 23. Qg4 Rd7 24. Rf4 Qa6 25. Kg1 Ra7 26. R4f3 Qc8
27. Qh5 Qe8 28. Rh3 h6 29. Rf6 Qd7 30. Rxh6 gxh6 31. Rd3 Qxd3 32. cxd3 Bg5 33.
Qg4 Kh8 34. h4 Be3+ 35. Kf1 Rd7 36. Qe4 Bc1 37. Ke2 Rb8 38. Qc6 Rdb7 39. Qxa4
Bxb2 40. Bxb2 Rxb2+ 1/2-1/2

[Event "Hessen-ch B"]
[Site "Frankfurt/Main"]
[Date "2019.05.30"]
[Round "2"]
[White "von Beckh, Frieda"]
[Black "Krist, Stephan"]
[Result "0-1"]
[WhiteElo "1465"]
[BlackElo "1618"]
[PlyCount "126"]
[EventDate "2019.05.30"]
[EventType "swiss"]
[EventRounds "7"]
[EventCountry "GER"]

1. e4 e5 2. Nf3 Nc6 3. d4 exd4 4. Bc4 Bb4+ 5. Bd2 Bxd2+ 6. Nbxd2 d6 7. O-O Nf6
8. Re1 O-O 9. Nb3 Bg4 10. h3 Bh5 11. Bb5 Ne5 12. Nbxd4 c5 13. Nf5 Nxf3+ 14.
gxf3 Ne8 15. Bxe8 Rxe8 16. Nxd6 Qg5+ 17. Kh1 Qh4 18. Kg2 Red8 19. Qd5 Bxf3+ 20.
Kxf3 Qf6+ 21. Ke3 Qxd6 22. Qxd6 Rxd6 23. Rad1 Rad8 24. Rxd6 Rxd6 25. e5 Re6 26.
f4 f6 27. Ke4 Kf7 28. Rd1 fxe5 29. fxe5 Ke7 30. Rd5 b6 31. a3 Rh6 32. Rd3 Ke8
33. Re3 Ke7 34. Kf5 g6+ 35. Kg5 Rh5+ 36. Kf4 Rf5+ 37. Ke4 Ke6 38. Rd3 Rxe5+ 39.
Kf4 g5+ 40. Kg4 Kf6 41. Rd6+ Kg7 42. Rd7+ Kg6 43. Rxa7 h5+ 44. Kf3 Rf5+ 45. Kg3
h4+ 46. Kg2 Rd5 47. Ra6 Rd6 48. Kf3 Kf5 49. b4 cxb4 50. axb4 Rc6 51. b5 Rc3+
52. Kg2 Rxc2+ 53. Kf1 Rh2 54. Rxb6 Rxh3 55. Rb8 Rb3 56. b6 Kg4 57. b7 h3 58.
Kg1 Kg3 59. Kf1 h2 60. Rh8 Rxb7 61. Rh5 Rb1+ 62. Ke2 h1=Q 63. Rxh1 Rxh1 0-1

[Event "Hessen-ch B"]
[Site "Frankfurt/Main"]
[Date "2019.05.31"]
[Round "3"]
[White "Bahlo, Jens"]
[Black "Hambel, Christoph"]
[Result "1/2-1/2"]
[WhiteElo "1915"]
[BlackElo "1783"]
[PlyCount "84"]
[EventDate "2019.05.30"]
[EventType "swiss"]
[EventRounds "7"]
[EventCountry "GER"]

1. e4 c5 2. d3 Nc6 3. Be2 e6 4. f4 b6 5. Nf3 Bb7 6. O-O Nge7 7. Qe1 Qc7 8. Na3
a6 9. Be3 d5 10. exd5 Nxd5 11. Bd2 Bd6 12. Nc4 Bxf4 13. Bxf4 Nxf4 14. Bd1 O-O-O
15. Nfe5 Nxe5 16. Qxe5 Qc6 17. Bf3 Nd5 18. a4 f6 19. Qg3 Qc7 20. Qh3 Nf4 21.
Bxb7+ Kxb7 22. Qf3+ Nd5 23. a5 b5 24. Nd2 Qc6 25. c3 Ne7 26. Qe2 Nf5 27. Rac1
Nh4 28. b4 Rxd3 29. Ne4 c4 30. Nc5+ Kc8 31. Nxd3 cxd3 32. Qf2 Ng6 33. Rfd1 Rd8
34. Qg3 Qd7 35. Qf3 Kb8 36. Qh5 Nf4 37. Qxh7 Ne2+ 38. Kf1 Nxc1 39. Rxc1 Qd5 40.
Qxg7 d2 41. Rd1 Qd3+ 42. Kf2 Qf5+ 1/2-1/2

[Event "Hessen-ch B"]
[Site "Frankfurt/Main"]
[Date "2019.05.31"]
[Round "3"]
[White "Burkart, Lloyd Shang"]
[Black "John, Volkmar"]
[Result "1/2-1/2"]
[WhiteElo "1411"]
[BlackElo "1654"]
[PlyCount "63"]
[EventDate "2019.05.30"]
[EventType "swiss"]
[EventRounds "7"]
[EventCountry "GER"]

{[%evp 0,63,23,23,18,-22,-16,-16,-16,-39,-20,-40,-7,-7,36,-12,-5,-25,13,2,67,
67,67,47,47,36,36,36,36,7,14,-10,16,-14,-2,-16,-10,-12,8,1,9,-1,-2,-28,-13,-23,
2,-5,12,-3,-3,-21,-21,-14,-23,-31,-31,-31,-31,-22,-4,-4,-10,-7,-8,-10]} 1. d4
d5 2. c4 e6 3. Nc3 Nf6 4. cxd5 exd5 5. Bg5 c6 6. e3 Be7 7. Qc2 Nbd7 8. Bd3 h6
9. Bh4 Nh5 10. Bxe7 Qxe7 11. Nf3 Nf4 12. O-O Nxd3 13. Qxd3 Nf6 14. Nd2 O-O 15.
Rab1 a5 16. Na4 Be6 17. Nc5 Rfe8 18. Nf3 g6 19. Nxe6 Qxe6 20. Ne5 Kg7 21. a4
Ne4 22. f3 Nd6 23. b3 f5 24. Rfe1 Nf7 25. Nxf7 Qxf7 26. Rbc1 Re6 27. Qc3 Rae8
28. Re2 Qe7 29. Rce1 Qb4 30. Qxb4 axb4 31. Kf2 Kf6 32. Rd1 1/2-1/2

[Event "Hessen-ch B"]
[Site "Frankfurt/Main"]
[Date "2019.05.31"]
[Round "3"]
[White "Feicht, Arno"]
[Black "Saluvar, Buelent"]
[Result "1-0"]
[WhiteElo "1881"]
[BlackElo "1692"]
[PlyCount "105"]
[EventDate "2019.05.30"]
[EventType "swiss"]
[EventRounds "7"]
[EventCountry "GER"]

1. e4 c5 2. a3 g6 3. d4 cxd4 4. Nf3 Bg7 5. Nxd4 Nc6 6. Be3 Nf6 7. Nc3 d6 8. Be2
Bd7 9. O-O O-O 10. h3 Nxd4 11. Bxd4 Bc6 12. Qd3 Qc7 13. f4 e5 14. Be3 b6 15.
Bf3 Rfd8 16. Rad1 Rac8 17. Rd2 Qb8 18. Rfd1 Ne8 19. fxe5 Bxe5 20. Bd4 Qb7 21.
Qe3 Qe7 22. Nd5 Bxd5 23. exd5 f6 24. Bg4 f5 25. Bf3 Qf6 26. c3 Bxd4 27. Rxd4
Ng7 28. g4 Re8 29. Qd2 Re5 30. g5 Qe7 31. Kf2 Re8 32. Qf4 Re3 33. Rc4 Qe5 34.
Qxe5 R8xe5 35. Rd2 Re7 36. Re2 Rxe2+ 37. Bxe2 Kf7 38. Rc8 Ne8 39. Bb5 Nc7 40.
Bc6 Ne8 41. Rd8 Kf8 42. Kf3 Kf7 43. Bxe8+ Rxe8 44. Rxd6 Ke7 45. Re6+ Kd7 46.
Rxe8 Kxe8 47. Kf4 Kd8 48. c4 Ke7 49. Ke5 Kd7 50. b4 Kc7 51. a4 a5 52. bxa5 bxa5
53. c5 1-0

[Event "Hessen-ch B"]
[Site "Frankfurt/Main"]
[Date "2019.05.31"]
[Round "3"]
[White "Goodwin, David"]
[Black "Hoerhold, Karola"]
[Result "0-1"]
[WhiteElo "1546"]
[BlackElo "1727"]
[PlyCount "146"]
[EventDate "2019.05.30"]
[EventType "swiss"]
[EventRounds "7"]
[EventCountry "GER"]

1. Nf3 f5 2. g3 Nf6 3. d3 Nc6 4. Bg2 e5 5. e3 Be7 6. c4 O-O 7. Nc3 Qe8 8. O-O
d6 9. a3 Qh5 10. Nd2 Qh6 11. Nd5 Bd8 12. Nxf6+ Bxf6 13. f4 Nd8 14. Nf3 exf4 15.
exf4 Ne6 16. d4 g6 17. Be3 Qg7 18. Qd2 Rb8 19. Rad1 b6 20. Ng5 h6 21. Nxe6 Bxe6
22. d5 Bd7 23. b3 Rfe8 24. Qf2 Re7 25. Bd4 Rbe8 26. Bf3 Bxd4 27. Rxd4 Re3 28.
Qd2 Rxb3 29. Rd3 Rb2 30. Qc3 Qxc3 31. Rxc3 Ba4 32. Rcc1 Re3 33. Rce1 Rxe1 34.
Rxe1 Kf7 35. Re3 Rc2 36. Be2 Rc1+ 37. Kf2 c5 38. dxc6 Bxc6 39. h4 h5 40. Bd3
Ra1 41. Bf1 Be4 42. Rc3 Ke7 43. Be2 Kd7 44. Bf3 Bxf3 45. Kxf3 Kc6 46. Re3 Rc1
47. Re6 Rc3+ 48. Kf2 Rxc4 49. Rxg6 Kd5 50. Rg5 Ke4 51. Rxh5 Rc2+ 52. Ke1 Rg2
53. Rg5 d5 54. Rg7 d4 55. Re7+ Kd3 56. Kf1 Rxg3 57. Kf2 Rg4 58. Kf3 Rxh4 59.
Rxa7 Rh3+ 60. Kg2 Re3 61. Rf7 Ke2 62. Rxf5 d3 63. Rd5 d2 64. f5 d1=Q 65. Rxd1
Kxd1 66. Kf2 Re2+ 67. Kf3 Kd2 68. Kg4 Ke3 69. f6 Rg2+ 70. Kf5 Ra2 71. f7 Rf2+
72. Ke6 Kd4 73. Ke7 Kc4 0-1

[Event "Hessen-ch B"]
[Site "Frankfurt/Main"]
[Date "2019.05.31"]
[Round "3"]
[White "Graef, Jakob Vincent"]
[Black "Horny, Guenter"]
[Result "1/2-1/2"]
[WhiteElo "1574"]
[BlackElo "1816"]
[PlyCount "80"]
[EventDate "2019.05.30"]
[EventType "swiss"]
[EventRounds "7"]
[EventCountry "GER"]

1. e4 d6 2. d4 Nf6 3. Bd3 g6 4. Nf3 Bg7 5. Be3 c6 6. Qd2 Ng4 7. Nc3 Nxe3 8.
fxe3 e5 9. Ne2 Qb6 10. c3 Nd7 11. O-O h6 12. Kh1 O-O 13. Ng3 Qc7 14. Rf2 Nf6
15. Raf1 Ng4 16. Re2 Be6 17. h3 Nf6 18. a3 Nd7 19. Ref2 Rad8 20. c4 d5 21. exd5
cxd5 22. cxd5 Bxd5 23. e4 exd4 24. Nf5 Be6 25. Nxh6+ Kh8 26. Ng4 Qg3 27. Ng5
Ne5 28. Nxe5 Bxe5 29. Nf3 Bf4 30. Qb4 b6 31. Qe7 a5 32. Qh4+ Qxh4 33. Nxh4 Bd6
34. e5 Be7 35. Nf3 Kg7 36. Rc2 Bc5 37. Ng5 Bb3 38. Rcf2 Rde8 39. Re1 Bd5 40.
Rf4 Be7 1/2-1/2

[Event "Hessen-ch B"]
[Site "Frankfurt/Main"]
[Date "2019.05.31"]
[Round "3"]
[White "Graef, Kilian Gabriel"]
[Black "Weber, Andreas"]
[Result "0-1"]
[WhiteElo "1411"]
[BlackElo "1694"]
[PlyCount "84"]
[EventDate "2019.05.30"]
[EventType "swiss"]
[EventRounds "7"]
[EventCountry "GER"]

1. d4 Nf6 2. c4 g6 3. Nc3 Bg7 4. Bg5 O-O 5. Qd2 Re8 6. e4 d6 7. Nge2 c6 8. f3
Nbd7 9. g4 e5 10. d5 Qc7 11. Ng3 a5 12. h4 Nc5 13. h5 Rb8 14. Be2 Bd7 15. Bh6
Re7 16. Bxg7 Kxg7 17. Kf2 b5 18. cxb5 cxb5 19. hxg6 fxg6 20. Qg5 Rf7 21. Nh5+
Nxh5 22. Rxh5 Rh8 23. Qh6+ Kg8 24. Nxb5 Nxe4+ 25. Kg2 Bxb5 26. Rc1 Nc5 27. Bxb5
gxh5 28. gxh5 Rg7+ 29. Kh2 Qd8 30. Bf1 Qh4+ 31. Bh3 Qf2+ 32. Kh1 Qxf3+ 33. Kh2
Qf4+ 34. Qxf4 exf4 35. Re1 Kf8 36. Rf1 Rf7 37. Rf3 Rg8 38. Rf2 Rg5 39. Bg2
Rxh5+ 40. Bh3 Ne4 41. Re2 Ng5 42. Kg2 f3+ 0-1

[Event "Hessen-ch B"]
[Site "Frankfurt/Main"]
[Date "2019.05.31"]
[Round "3"]
[White "Haftmann, Rainer"]
[Black "Sakhra, Roman"]
[Result "0-1"]
[WhiteElo "1727"]
[BlackElo "1516"]
[PlyCount "92"]
[EventDate "2019.05.30"]
[EventType "swiss"]
[EventRounds "7"]
[EventCountry "GER"]

1. e4 e5 2. Nf3 Nc6 3. Bb5 Nf6 4. d3 Bc5 5. O-O Nd4 6. Nxd4 exd4 7. Bg5 h6 8.
Bh4 Be7 9. c3 dxc3 10. Nxc3 Nxe4 11. Bxe7 Nxc3 12. bxc3 Kxe7 13. Re1+ Kf8 14.
Re3 g6 15. Qe2 Kg7 16. Re1 c6 17. Ba4 d5 18. Re7 Qd6 19. c4 dxc4 20. dxc4 Qf6
21. c5 b5 22. cxb6 axb6 23. Bb3 Ba6 24. Qe3 Rhf8 25. Qxb6 Rae8 26. Qe3 Rxe7 27.
Qxe7 Rd8 28. g3 Rd2 29. Qxf6+ Kxf6 30. Rc1 Bb7 31. Rd1 Rxd1+ 32. Bxd1 c5 33. f4
Be4 34. Kf2 Ke6 35. Bb3+ Bd5 36. Bxd5+ Kxd5 37. Ke3 Kc4 38. Kd2 Kb4 39. Kc2 f5
40. a3+ Kc4 41. h3 g5 42. fxg5 hxg5 43. Kd2 Kb3 44. h4 gxh4 45. gxh4 c4 46. h5
c3+ 0-1

[Event "Hessen-ch B"]
[Site "Frankfurt/Main"]
[Date "2019.05.31"]
[Round "3"]
[White "Horatschek, Martin jr."]
[Black "Siegismund, Florian"]
[Result "1/2-1/2"]
[WhiteElo "1689"]
[BlackElo "1777"]
[PlyCount "81"]
[EventDate "2019.05.30"]
[EventType "swiss"]
[EventRounds "7"]
[EventCountry "GER"]

1. e4 c5 2. Nf3 e6 3. d4 cxd4 4. Nxd4 a6 5. Bd3 Nf6 6. O-O Qc7 7. Qe2 d6 8. c4
Be7 9. Nc3 O-O 10. b3 b6 11. Bb2 Bb7 12. Rac1 Nbd7 13. Rfd1 Rfe8 14. Bb1 Rac8
15. Nf3 Qb8 16. Rd2 Bd8 17. Re1 Bc7 18. Qd1 Ba8 19. Ba3 Nc5 20. b4 Ncd7 21. b5
axb5 22. Nxb5 Nc5 23. Bxc5 dxc5 24. Nxc7 Qxc7 25. e5 Ng4 26. Bxh7+ Kf8 27. Nh4
Nxe5 28. Qh5 Rcd8 29. Rde2 Nxc4 30. Bc2 Rd4 31. Qh8+ Ke7 32. Nf5+ Kd8 33. Qxg7
Rd5 34. Qf6+ Kc8 35. Nh6 Rd7 36. Bb3 Na5 37. Bc2 Red8 38. Ng4 Nc6 39. Be4 Nd4
40. Re3 Bxe4 41. Rxe4 1/2-1/2

[Event "Hessen-ch B"]
[Site "Frankfurt/Main"]
[Date "2019.05.31"]
[Round "3"]
[White "Krist, Stephan"]
[Black "Ullmann, Ralf"]
[Result "1/2-1/2"]
[WhiteElo "1618"]
[BlackElo "1856"]
[PlyCount "65"]
[EventDate "2019.05.30"]
[EventType "swiss"]
[EventRounds "7"]
[EventCountry "GER"]

1. e4 c5 2. Nf3 Nc6 3. d4 cxd4 4. Nxd4 g6 5. Nc3 Bg7 6. Be3 d6 7. Be2 Nf6 8.
O-O O-O 9. f4 Ng4 10. Bxg4 Bxg4 11. Nxc6 Bxd1 12. Nxd8 Bxc2 13. Rf2 Bd3 14.
Nxb7 a5 15. Rd1 Bc4 16. Bb6 Rfb8 17. Nxa5 Be6 18. f5 Bxa2 19. Nxa2 Rxb6 20. b4
Rc8 21. Nb3 Rc4 22. Re2 Rbc6 23. Na5 Rc2 24. Nxc6 Rxe2 25. Nc1 Rxe4 26. fxg6
hxg6 27. b5 Rc4 28. Nxe7+ Kf8 29. Nc6 Rc5 30. Ne2 Rxb5 31. Rxd6 Bh6 32. Rd8+
Kg7 33. Kf2 1/2-1/2

[Event "Hessen-ch B"]
[Site "Frankfurt/Main"]
[Date "2019.05.31"]
[Round "3"]
[White "Lange, Martin"]
[Black "Adamczyk, Matthias"]
[Result "0-1"]
[WhiteElo "1763"]
[BlackElo "1949"]
[PlyCount "68"]
[EventDate "2019.05.30"]
[EventType "swiss"]
[EventRounds "7"]
[EventCountry "GER"]

1. e4 c5 2. Nf3 e6 3. d4 d5 4. exd5 exd5 5. Nc3 Be6 6. Bf4 a6 7. Be2 Nf6 8. O-O
Nc6 9. Re1 Bd6 10. Bxd6 Qxd6 11. dxc5 Qxc5 12. Bd3 O-O 13. h3 h6 14. Qd2 Rfe8
15. a3 Rad8 16. Na4 Qd6 17. Qc3 Nd7 18. Qd2 d4 19. b3 Bd5 20. Nh2 Nde5 21. Be4
Be6 22. f4 Nd7 23. Nf3 Bd5 24. Bxd5 Qxd5 25. Rxe8+ Rxe8 26. Re1 Re6 27. Rxe6
fxe6 28. Qd3 b5 29. Nb2 Qd6 30. Qg6 Nf8 31. Qe8 Qc5 32. Nd3 Qxc2 33. Nfe5 Nxe5
34. Nxe5 Qc1+ 0-1

[Event "Hessen-ch B"]
[Site "Frankfurt/Main"]
[Date "2019.05.31"]
[Round "3"]
[White "Meyer, Marcel"]
[Black "Schmitt, Clemens"]
[Result "0-1"]
[WhiteElo "1820"]
[BlackElo "1767"]
[PlyCount "126"]
[EventDate "2019.05.30"]
[EventType "swiss"]
[EventRounds "7"]
[EventCountry "GER"]

1. d4 Nf6 2. c4 g6 3. Nc3 d5 4. cxd5 Nxd5 5. e4 Nxc3 6. bxc3 Bg7 7. Nf3 c5 8.
Be3 Qa5 9. Qd2 Nc6 10. Rb1 a6 11. Bc4 cxd4 12. cxd4 Qxd2+ 13. Kxd2 O-O 14. Rhd1
e6 15. Ke1 Na5 16. Be2 Rd8 17. Bf4 Nc6 18. Be3 b5 19. g4 Bd7 20. h4 Rdc8 21. h5
gxh5 22. gxh5 h6 23. Nh2 f5 24. e5 Ne7 25. Rdc1 Bc6 26. Bf3 Bd5 27. Bxd5 Nxd5
28. Nf3 Bf8 29. Nh4 Nb4 30. Rxc8 Rxc8 31. Ng6 Nc2+ 32. Kd1 Nxe3+ 33. fxe3 Ba3
34. Nf4 Kf7 35. Nd3 Rg8 36. Nf4 Rg1+ 37. Kc2 Rg3 38. Kd3 Rg4 39. Rb3 b4 40. Rb1
Rg3 41. Ke2 Rg4 42. Kd3 Rg8 43. Kd2 a5 44. Ke2 a4 45. Kd2 Rc8 46. Rg1 b3 47.
axb3 Bb4+ 48. Kd1 a3 49. Ke2 Rc2+ 50. Kd3 Rc3+ 51. Ke2 Rxb3 52. Nd3 Bc3 53. Nc1
Rb1 54. Kd3 Bb2 55. Kc2 a2 56. Nxa2 Rxg1 57. Kxb2 Re1 58. Nb4 Rxe3 59. Nc6 Rh3
60. Nd8+ Ke7 61. Nc6+ Kd7 62. d5 exd5 63. Nd4 Rxh5 0-1

[Event "Hessen-ch B"]
[Site "Frankfurt/Main"]
[Date "2019.05.31"]
[Round "3"]
[White "Mongi, Mario"]
[Black "Muenstermann, Matthias"]
[Result "1/2-1/2"]
[WhiteElo "1547"]
[BlackElo "1783"]
[PlyCount "51"]
[EventDate "2019.05.30"]
[EventType "swiss"]
[EventRounds "7"]
[EventCountry "GER"]

1. c4 e5 2. g3 Nf6 3. Bg2 d5 4. cxd5 Nxd5 5. Nc3 Be6 6. Nf3 f6 7. O-O Bc5 8.
Nxd5 Bxd5 9. b4 Bxb4 10. Qa4+ Nc6 11. Rb1 Bc5 12. Rxb7 Bb6 13. e4 O-O 14. exd5
Na5 15. Rxb6 axb6 16. Nh4 Nb7 17. Qb3 Nc5 18. Qb1 e4 19. Nf5 Qd7 20. Bh3 Qa4
21. d4 Nd3 22. Bh6 gxh6 23. f3 Qxa2 24. Qb5 Qa4 25. Qb1 Qa2 26. Qb5 1/2-1/2

[Event "Hessen-ch B"]
[Site "Frankfurt/Main"]
[Date "2019.05.31"]
[Round "3"]
[White "Osterloh, Felix"]
[Black "Ghaznavi, Massoud"]
[Result "1-0"]
[WhiteElo "1833"]
[BlackElo "1601"]
[PlyCount "109"]
[EventDate "2019.05.30"]
[EventType "swiss"]
[EventRounds "7"]
[EventCountry "GER"]

1. Nf3 d5 2. g3 Nc6 3. d4 Bf5 4. c4 e6 5. cxd5 exd5 6. Bd2 Bd6 7. Bg2 Be4 8.
Bc3 Nf6 9. Nbd2 O-O 10. O-O h6 11. a3 Bh7 12. b4 Ne4 13. Bb2 a6 14. Qb3 Ne7 15.
a4 c6 16. b5 a5 17. Ba3 Bxa3 18. Rxa3 Nf6 19. Rc1 Bf5 20. Ne5 Rc8 21. Qb2 Ne4
22. Nxe4 Bxe4 23. bxc6 bxc6 24. Bxe4 dxe4 25. e3 Qd6 26. Rac3 f6 27. Nc4 Qc7
28. Nd2 f5 29. Rc5 Rf6 30. Nc4 Ra8 31. Ne5 Ra6 32. Qc3 Kh7 33. d5 h5 34. Nxc6
Nxd5 35. Qc4 Raxc6 36. Rxc6 Rxc6 37. Qxc6 Qf7 38. Qc4 Kg6 39. Rd1 Nf6 40. Qxf7+
Kxf7 41. Rd6 g5 42. Ra6 h4 43. gxh4 gxh4 44. Kg2 Kg6 45. Rxa5 Kg5 46. Rb5 Ne8
47. a5 Nc7 48. Rb7 Na6 49. Rb6 Nc5 50. a6 Nd3 51. a7 h3+ 52. Kf1 Kg4 53. a8=Q
Ne5 54. Qb8 Nf3 55. Qf4+ 1-0

[Event "Hessen-ch B"]
[Site "Frankfurt/Main"]
[Date "2019.05.31"]
[Round "3"]
[White "Ruhl, Marcel"]
[Black "Elpelt, Frank"]
[Result "1/2-1/2"]
[WhiteElo "1651"]
[BlackElo "1572"]
[PlyCount "81"]
[EventDate "2019.05.30"]
[EventType "swiss"]
[EventRounds "7"]
[EventCountry "GER"]

1. c4 e5 2. e3 Nf6 3. Nc3 d5 4. cxd5 Nxd5 5. Nf3 Nxc3 6. bxc3 Bd6 7. Bc4 O-O 8.
d4 exd4 9. cxd4 Nd7 10. Qc2 Nb6 11. Bd3 h6 12. Bd2 Nd5 13. Rb1 Qe7 14. O-O Nb4
15. Bxb4 Bxb4 16. Be4 c6 17. Ne5 Bd6 18. Nc4 Bc7 19. Rfc1 Be6 20. Nd2 Rab8 21.
a4 Qd6 22. g3 Bd5 23. Rb2 Bxe4 24. Nxe4 Qd5 25. Nc5 Bb6 26. a5 Bxa5 27. Rxb7
Bb6 28. Rxb8 Rxb8 29. Na4 Rc8 30. Rb1 Rb8 31. Nxb6 Rxb6 32. Rxb6 axb6 33. Kf1
g6 34. Ke2 Kg7 35. h4 Qb5+ 36. Kd2 Qd5 37. Kc3 Qa5+ 38. Kb3 Qb5+ 39. Kc3 Qa5+
40. Kd3 Qa3+ 41. Kd2 1/2-1/2

[Event "Hessen-ch B"]
[Site "Frankfurt/Main"]
[Date "2019.05.31"]
[Round "3"]
[White "Schimmer, Michael"]
[Black "Karl, Florian"]
[Result "1/2-1/2"]
[WhiteElo "1805"]
[BlackElo "1608"]
[PlyCount "34"]
[EventDate "2019.05.30"]
[EventType "swiss"]
[EventRounds "7"]
[EventCountry "GER"]

1. e4 c5 2. Nf3 Nc6 3. d4 cxd4 4. Nxd4 Nf6 5. Nc3 g6 6. Nxc6 bxc6 7. e5 Nh5 8.
Bc4 d5 9. exd6 exd6 10. Qf3 d5 11. Nxd5 cxd5 12. Bxd5 Qe7+ 13. Be3 Rb8 14.
O-O-O Bg7 15. Bc6+ Kf8 16. c3 Bxc3 17. bxc3 Qa3+ 1/2-1/2

[Event "Hessen-ch B"]
[Site "Frankfurt/Main"]
[Date "2019.05.31"]
[Round "3"]
[White "Scholz, Michael"]
[Black "Robinson, Jack"]
[Result "1-0"]
[WhiteElo "1855"]
[BlackElo "1749"]
[PlyCount "77"]
[EventDate "2019.05.30"]
[EventType "swiss"]
[EventRounds "7"]
[EventCountry "GER"]

1. e4 c5 2. d4 cxd4 3. c3 d3 4. Bxd3 Nc6 5. Nf3 g6 6. O-O Bg7 7. Re1 d6 8. h3
e6 9. c4 Nge7 10. Nc3 O-O 11. Bf4 a6 12. a3 h6 13. Qd2 g5 14. Be3 Ng6 15. Rad1
Qc7 16. Na4 Rb8 17. Bb6 Qe7 18. Bb1 Nge5 19. Nxe5 Bxe5 20. b4 Bd7 21. Nc3 Rbc8
22. Ne2 Nb8 23. c5 Ba4 24. cxd6 Qd7 25. Rc1 Bxd6 26. Qe3 Rxc1 27. Rxc1 Bb5 28.
e5 Be7 29. Qe4 f5 30. exf6 Bxf6 31. Rc7 Qd1+ 32. Kh2 Qxb1 33. Qxb1 Be5+ 34. Ng3
Bxc7 35. Qg6+ Kh8 36. Qxh6+ Kg8 37. Qg6+ Kh8 38. Bxc7 Nd7 39. Nh5 1-0

[Event "Hessen-ch B"]
[Site "Frankfurt/Main"]
[Date "2019.05.31"]
[Round "3"]
[White "Shehab, Tarek"]
[Black "Pabel, Ralph"]
[Result "1/2-1/2"]
[WhiteElo "1585"]
[BlackElo "1903"]
[PlyCount "72"]
[EventDate "2019.05.30"]
[EventType "swiss"]
[EventRounds "7"]
[EventCountry "GER"]

1. e4 e6 2. d4 d5 3. Nd2 c5 4. exd5 exd5 5. Ngf3 Nc6 6. dxc5 Bxc5 7. Nb3 Bb6 8.
c3 Nf6 9. Be2 O-O 10. O-O h6 11. Nbd4 Re8 12. h3 Ne4 13. Be3 Bd7 14. Re1 Qf6
15. Nc2 Ne7 16. Bxb6 Qxb6 17. Ne3 Nf5 18. Nd4 Nxf2 19. Nxd5 Qc5 20. Nf6+ gxf6
21. Kxf2 Rad8 22. Bf3 b5 23. Be4 Nd6 24. Qc2 Nxe4+ 25. Rxe4 f5 26. Rxe8+ Bxe8
27. Re1 Bc6 28. Qxf5 Qxf5+ 29. Nxf5 Rd2+ 30. Re2 Rxe2+ 31. Kxe2 Bxg2 32. Nxh6+
Kg7 33. Nf5+ Kf6 34. Nd4 a6 35. h4 Ke5 36. Kf2 Bd5 1/2-1/2